|
|
|
|
| LEADER |
00943nam a22002297a 4500 |
| 001 |
AAL2748 |
| 003 |
BD-DhAAL |
| 005 |
20160227191321.0 |
| 008 |
160227m19971957bg ||||| |||| 00| 0 mul d |
| 020 |
|
|
|a 8185626057
|
| 040 |
|
|
|a BD-DhAAL
|c BD-DhAAL
|
| 082 |
|
|
|2 22
|a 491.44321
|
| 100 |
|
|
|a বিশ্বাস, শৈলেন্দ্র
|9 18215
|
| 245 |
|
|
|a সংসদ বাঙ্গালা অভিধান /
|c শৈলেন্দ্র বিশ্বাস
|
| 260 |
|
|
|a কলকাতা :
|b সাহিত্য সংসদ,
|c ১৯৯৭
|
| 300 |
|
|
|a ৮১১ পৃ. ;
|c ২২ সে.মি.
|
| 541 |
|
|
|e 2748
|
| 650 |
|
|
|a Bengali language
|v Dictionaries
|x Bengali
|9 18216
|
| 852 |
|
|
|a Savar Campus Library
|c General Stacks
|
| 942 |
|
|
|2 ddc
|c BK
|
| 999 |
|
|
|c 36941
|d 36941
|
| 952 |
|
|
|0 0
|1 0
|2 ddc
|4 0
|6 491_443210000000000_BIS
|7 0
|9 58180
|a SCL
|b SCL
|c GEN
|d 2016-02-27
|g 115.00
|l 0
|o 491.44321 BIS
|p 3020002748
|r 2016-02-27
|t 1
|w 2016-02-27
|y BK
|